000 00303nam a22001337a 4500
008 181107b xxu||||| |||| 00| 0 eng d
020 _a0070202975
041 _aeng
080 _214th
_a610
100 _a4
101 _aSHM
245 _aPrinciples of Internal Medicine
_cFauci,A.S
942 _2udc
_cBK
999 _c52138
_d52138